| 000 | 02377nam a2200313 i 4500 | ||
|---|---|---|---|
| 001 | 000048654 | ||
| 003 | DO-SdBNP | ||
| 005 | 20250630094353.0 | ||
| 007 | ta | ||
| 008 | 190405s2015 dr 000 m spa d | ||
| 020 | _a9789945418397 | ||
| 040 |
_aDO-SdBNP _bspa _cBNPHU _erda |
||
| 082 | 4 |
_axxx _bR789m _222 |
|
| 245 | 0 | 3 |
_aLa música cósmica en Ramón Antonio Jiménez : _bhomenaje al poeta interiorista / _cBruno Rosario Candelier, Fausto Leonardo Henríquez, Eduardo Gautreau De Windt, Manuel Salvador Gautier, José Enrique García |
| 264 | 4 |
_aMoca, República Dominicana : _bAteneo Insular, _c©2015. |
|
| 300 |
_a127 páginas ; _c21 cm. |
||
| 336 |
_atexto _btxt _2rdacontent |
||
| 337 |
_asin mediación _bn _2rdamedia |
||
| 338 |
_avolumen _bnc _2rdacarrier |
||
| 500 | _aIncluye datos biográficos del autor en las solapas | ||
| 505 | 0 |
_aConversando con Ramón Antonio Jiménez / _tBruno Rosario Candelier -- _tEn torno a La música de la vida de Ramón Antonio Jiménez / _rBruno Rosario Candelier -- _tEl símbolo en la poesía de Ramón Antonio Jiménez / _rBruno Rosario Candelier -- _tEl Tao poético en la visión mística de Ramón Antonio Jiménez / _rBruno Rosario Candelier -- _tVisión interior de Ramón Antonio Jiménez en La música de la vida / _rBruno Rosario Candelier -- _tManjú, de Ramón Antonio Jiménez / _rFausto Leonardo Henríuez -- _tEl Tao de Ramón Antonio Jiménez: Una impresión perdurable / _rJosé Enríquez García -- _tConversando contigo de Ramón Antonio Jiménez -- _rManuel Salvador Gautier -- _tResonancia espiritual en la música de la vida de Ramón Antonio Jiménez / _rMikenia Vargas -- _tRamón Antonio Jiménez , poeta de la sonoridad del Universo / _rfray Jit Manuel Castillo -- _tLa lírica de Ramón Antonio Jiménez / _rSélvido Candelaria -- _tCompases eróticos en «La música de la vida» de Ramón Antonio Jiménez / _rEduardo Gautreau de Windt -- _tRamón Antonio Jiménez en el territorio interiorista entrevista a Bruno Rosario Candelier / _rMiguel Solano. |
|
| 590 | _aInventariado, 2019/LP | ||
| 700 | 1 |
_aRosario Candelier, Bruno, _d1941- _eautor _4aut. _9851 |
|
| 700 | 1 |
_aHenríquez, Fausto Leonardo, _eautor _4aut. _976102 |
|
| 700 | 1 |
_aGautreau De Windt, Eduardo, _eautor _4aut. _970818 |
|
| 700 | 1 |
_aSalvador Gautier, Manuel, _eautor _4aut. _988215 |
|
| 700 | 1 |
_aGarcía, José Enrique, _eaut. _4aut. _984660 |
|
| 942 |
_2ddc _cLBS1 |
||
| 999 |
_c48142 _d48142 |
||